000 00761nam a2200241 i 4500
005 20260506212402.0
008 260506n xxx||||| |||| 00| 0 eng d
040 _c.
082 0 4 _221
_a341.762
245 0 0 _aPalestine Digest (volume 2, issue no. 12)
264 _aWashington :
_bThe league of arab states, arab information center,
_c1973.
300 _avolumes ;
_c28 cm
310 _aUnknown
336 _2rda content
_aText
337 _2rda media
_aunmediated
338 _2rda carrier
_avolume
362 0 _avolume 2, issue no. 12
650 _aEnvironmental law, International
_vPeriodicals
651 _aPalestine
_xHistory
_vPeriodicals
856 _uhttps://fll.law.cu.edu.eg/fulltext/cr/B11-09982.pdf
905 _a162
942 _2ddc
_cCR
_n0
999 _c76061
_d76061